| 000 | 00428nam a2200181Ia 4500 | ||
|---|---|---|---|
| 008 | 210210b2018 xxu||||| |||| 00| 0 eng d | ||
| 020 | _a9780143442301 | ||
| 041 | _aeng | ||
| 082 | _a820.33 SIKC | ||
| 100 | _aSIKKA (Harinder) | ||
| 245 | _aCalling sehmat | ||
| 260 |
_aHaryana _bPenguin Books _c2018 |
||
| 300 | _aiv,207 | ||
| 650 | _asehmat | ||
| 650 | _aCalling | ||
| 690 | _aIndian English Fiction | ||
| 906 | _a072729 | ||
| 999 |
_c122575 _d122575 |
||